[Event "March TNT"]
[Site "Winnipeg CAN"]
[Date "2010.03.02"]
[Round "1"]
[White "Czarny, Keith"]
[Black "Rutter, Blair"]
[Result "1-0"]
[WhiteElo "1589"]
[BlackElo "1875"]
[PlyCount "145"]
[EventDate "2010.03.02"]
[EventType "swiss"]
[EventRounds "4"]
[EventCountry "CAN"]

1. Nf3 Nc6 2. g3 e5 3. d3 d5 4. Bg2 Be7 5. O-O f5 6. c4 Nf6 7. Nc3 d4 8. Nd5
O-O 9. Nxe7+ Qxe7 10. Bd2 Bd7 11. Qb3 Rab8 12. Ne1 Kh8 13. Nc2 Rfe8 14. e3 Qf7
15. exd4 exd4 16. Bf4 Be6 17. Rae1 Nh5 18. Bd2 Qd7 19. Qa3 a6 20. Qc5 Rbd8 21.
Bxc6 Qxc6 22. Qxc6 bxc6 23. Nb4 Rb8 24. Nxa6 Rxb2 25. Bc1 Rxa2 26. Nxc7 Rc8 27.
Nxe6 c5 28. Bf4 Ra3 29. Rd1 h6 30. h3 Ra6 31. g4 fxg4 32. hxg4 Nf6 33. Nc7 Rc6
34. Nb5 Rd8 35. g5 Nh5 36. Bd2 hxg5 37. Kg2 g4 38. Rh1 g6 39. Rh4 Kg7 40. Rxg4
Nf6 41. Bg5 Rf8 42. Rf4 Nd7 43. Rxf8 Nxf8 44. Re1 Ne6 45. Be7 Nf4+ 46. Kf1 Nxd3
47. Re2 Ra6 48. Rd2 Ne5 49. Bxc5 Nxc4 50. Bxd4+ Kf7 51. Rc2 Nd6 52. Nxd6+ Rxd6
53. Rc7+ Ke6 54. Be3 Kf5 55. Kg2 Kg4 56. Rf7 Kh5 57. Kg3 g5 58. Rh7+ Kg6 59.
Rb7 Kf5 60. Rb5+ Ke4 61. Bxg5 Rd1 62. Kg2 Rd7 63. f3+ Kd3 64. Kg3 Rf7 65. Kg4
Kd4 66. Rf5 Rb7 67. f4 Rb1 68. Kh5 Ke4 69. Rf8 Rf1 70. Kg6 Kd5 71. f5 Kd6 72.
f6 Kd7 73. f7 1-0

[Event "March TNT"]
[Site "Winnipeg CAN"]
[Date "2010.03.02"]
[Round "1"]
[White "Czypinski, Jaroslaw"]
[Black "Ott, Richard"]
[Result "1-0"]
[WhiteElo "1911"]
[BlackElo "1606"]
[PlyCount "55"]
[EventDate "2010.03.02"]
[EventType "swiss"]
[EventRounds "4"]
[EventCountry "CAN"]

1. d4 d5 2. Nf3 Nf6 3. e3 c6 4. Bd3 e6 5. Nbd2 Be7 6. O-O O-O 7. Ne5 Qc7 8. f4
b6 9. Qe2 c5 10. c3 Nc6 11. b3 Nxe5 12. fxe5 Nd7 13. e4 cxd4 14. cxd4 Qc3 15.
Nf3 Nxe5 16. Nxe5 Qxd4+ 17. Kh1 Qxe5 18. Bf4 Qd4 19. exd5 Bb7 20. Rad1 Qb4 21.
dxe6 Rad8 22. exf7+ Kh8 23. Be5 Bc5 24. Bxg7+ Kxg7 25. Qe5+ Kh6 26. Qf6+ Kh5
27. Rf5+ Kg4 28. Qg5# 1-0

[Event "March TNT"]
[Site "Winnipeg CAN"]
[Date "2010.03.02"]
[Round "1"]
[White "Kernetsky, Myron"]
[Black "Milord, Frank"]
[Result "0-1"]
[WhiteElo "2079"]
[BlackElo "1626"]
[PlyCount "52"]
[EventDate "2010.03.02"]
[EventType "swiss"]
[EventRounds "4"]
[EventCountry "CAN"]

1. d4 Nf6 2. c4 e6 3. Nc3 Bb4 4. Qc2 O-O 5. Nf3 c5 6. dxc5 Na6 7. Bd2 Nxc5 8.
e3 b6 9. Be2 Bb7 10. O-O Qe7 11. Rfd1 d6 12. a3 Bxc3 13. Qxc3 Rac8 14. Be1 Rfd8
15. b4 Nce4 16. Qb2 h6 17. Rac1 d5 18. cxd5 Bxd5 19. Nd4 Nd6 20. Ba6 Rc7 21.
Rxc7 Qxc7 22. Rc1 Qe7 23. Nc6 Bxc6 24. Rxc6 Nd5 25. Qc2 Qf6 26. Kf1 Nxe3+ 0-1

[Event "March TNT"]
[Site "Winnipeg CAN"]
[Date "2010.03.02"]
[Round "1"]
[White "Kumaragamage, Shashika"]
[Black "Mousseau, Charles"]
[Result "0-1"]
[WhiteElo "1356"]
[BlackElo "1782"]
[PlyCount "58"]
[EventDate "2010.03.02"]
[EventType "swiss"]
[EventRounds "4"]
[EventCountry "CAN"]

1. d4 d5 2. c4 Nc6 3. Nf3 Bg4 4. Nc3 e6 5. Bf4 Bd6 6. Bxd6 Qxd6 7. c5 Qe7 8. e3
Nf6 9. Qb3 Rb8 10. Bb5 O-O 11. Qa4 Bxf3 12. gxf3 e5 13. O-O-O exd4 14. Bxc6
dxc3 15. Bxd5 cxb2+ 16. Kxb2 Qxc5 17. Bb3 b5 18. Qf4 Rbd8 19. Rc1 Rd2+ 20. Kb1
Qa3 21. Rc2 Rxc2 22. Kxc2 c5 23. Rg1 Nh5 24. Qh6 c4 25. Qxh5 cxb3+ 26. axb3
Rc8+ 27. Kd3 Qxb3+ 28. Ke4 Qc4+ 29. Ke5 Rc5+ 0-1

[Event "March TNT"]
[Site "Winnipeg CAN"]
[Date "2010.03.02"]
[Round "1"]
[White "Letain, Cory"]
[Black "Green, Aaron"]
[Result "0-1"]
[WhiteElo "1621"]
[BlackElo "1942"]
[PlyCount "59"]
[EventDate "2010.03.02"]
[EventType "swiss"]
[EventRounds "4"]
[EventCountry "CAN"]

1. d4 Nf6 2. c4 g6 3. Nc3 Bg7 4. e4 d6 5. f4 c5 6. d5 e6 7. Nf3 exd5 8. cxd5
O-O 9. Be2 Re8 10. Qc2 Bg4 11. a4 Bxf3 12. Bxf3 Na6 13. O-O Nb4 14. Qb1 Rc8 15.
Bd2 Na6 16. Re1 Nc7 17. b4 b6 18. b5 h5 19. a5 Nd7 20. a6 Qf6 21. Kh1 Qd4 22.
Qc2 c4 23. Ne2 Qd3 24. Qxd3 cxd3 25. Nc3 Bxc3 26. Bxc3 Nxb5 27. Bb4 Rc4 28.
Rab1 Nc5 29. Bxc5 Rxc5 30. e5 0-1

[Event "March TNT"]
[Site "Winnipeg CAN"]
[Date "2010.03.02"]
[Round "1"]
[White "Lipic, Stephen"]
[Black "Trueman, Francis"]
[Result "1-0"]
[WhiteElo "1816"]
[BlackElo "1508"]
[PlyCount "33"]
[EventDate "2010.03.02"]
[EventType "swiss"]
[EventRounds "4"]
[EventCountry "CAN"]

1. e4 e5 2. Nf3 Nc6 3. d4 g6 4. d5 Nd4 5. Nxd4 exd4 6. Qxd4 f6 7. Bd3 Qe7 8.
O-O Bg7 9. f4 Nh6 10. Nc3 d6 11. f5 g5 12. Bxg5 Nxf5 13. exf5 O-O 14. Bh4 Kh8
15. Rae1 Qf7 16. Ne2 Bh6 17. Nf4 1-0

[Event "March TNT"]
[Site "Winnipeg CAN"]
[Date "2010.03.09"]
[Round "2"]
[White "Green, Aaron"]
[Black "Czarny, Keith"]
[Result "1-0"]
[WhiteElo "1942"]
[BlackElo "1589"]
[PlyCount "57"]
[EventDate "2010.03.02"]
[EventType "swiss"]
[EventRounds "4"]
[EventCountry "CAN"]

1. e4 Nf6 2. e5 Nd5 3. c4 Nb6 4. d4 e6 5. Nc3 c5 6. d5 exd5 7. cxd5 d6 8. f4
dxe5 9. fxe5 Be7 10. Nf3 Bg4 11. Be2 O-O 12. d6 Bh4+ 13. g3 Bxf3 14. Bxf3 Bg5
15. Bxb7 N8d7 16. Bxa8 Bxc1 17. Qxc1 Qxa8 18. O-O Nxe5 19. Qf4 Nd3 20. Qe4 Nxb2
21. Qxa8 Rxa8 22. Ne4 c4 23. Rab1 N6a4 24. Nc5 Nxc5 25. Rxb2 f6 26. Rc2 Ne4 27.
d7 c3 28. Re1 Nd6 29. Re6 1-0

[Event "March TNT"]
[Site "Winnipeg CAN"]
[Date "2010.03.09"]
[Round "2"]
[White "Kumaragamage, Shashika"]
[Black "Campbell, Gary"]
[Result "1-0"]
[WhiteElo "1356"]
[BlackElo "1628"]
[PlyCount "47"]
[EventDate "2010.03.02"]
[EventType "swiss"]
[EventRounds "4"]
[EventCountry "CAN"]

1. d4 d5 2. c4 e6 3. Nf3 Nf6 4. Nc3 c6 5. Bf4 Bd6 6. Bxd6 Qxd6 7. e3 O-O 8. c5
Qc7 9. Bd3 Nbd7 10. O-O e5 11. Bf5 b6 12. b4 Rb8 13. Rb1 e4 14. Nd2 b5 15. f3
exf3 16. Qxf3 Re8 17. Ne2 Nf8 18. Bxc8 Qxc8 19. Ng3 Qg4 20. Rfe1 Qxf3 21. Nxf3
Ne4 22. Nxe4 dxe4 23. Ne5 Rxe5 24. dxe5 1-0

[Event "March TNT"]
[Site "Winnipeg CAN"]
[Date "2010.03.09"]
[Round "2"]
[White "Milord, Frank"]
[Black "De Groot, Steven"]
[Result "0-1"]
[WhiteElo "1626"]
[BlackElo "1801"]
[PlyCount "24"]
[EventDate "2010.03.02"]
[EventType "swiss"]
[EventRounds "4"]
[EventCountry "CAN"]

1. e4 c5 2. Nf3 d6 3. d4 cxd4 4. Nxd4 Nf6 5. Nc3 a6 6. Bc4 Qc7 7. Bb3 e6 8. O-O
Be7 9. a4 Nc6 10. f4 d5 11. e5 Nxd4 12. Qxd4 Bc5 0-1

[Event "March TNT"]
[Site "Winnipeg CAN"]
[Date "2010.03.09"]
[Round "2"]
[White "Mousseau, Charles"]
[Black "Czypinski, Jaroslaw"]
[Result "0-1"]
[WhiteElo "1782"]
[BlackElo "1911"]
[PlyCount "76"]
[EventDate "2010.03.02"]
[EventType "swiss"]
[EventRounds "4"]
[EventCountry "CAN"]

1. e4 d5 2. exd5 Qxd5 3. Nf3 Bg4 4. Be2 Bxf3 5. Bxf3 Qe5+ 6. Be2 Nc6 7. c3
O-O-O 8. d4 Qa5 9. b4 Qd5 10. O-O e5 11. b5 Na5 12. Qa4 b6 13. Be3 exd4 14.
cxd4 Nf6 15. Rc1 Bd6 16. Bf3 Qf5 17. Nd2 Ng4 18. Bxg4 Qxg4 19. Nb3 Rhe8 20.
Nxa5 bxa5 21. Qxa5 Kb8 22. d5 Rxe3 23. fxe3 Re8 24. Re1 h5 25. Rab1 Qh4 26. g3
Bxg3 27. hxg3 Qxg3+ 28. Kf1 Qf3+ 29. Kg1 Re4 30. Rb4 Qg4+ 31. Kf2 Rxb4 32. e4
Rb2+ 33. Ke3 Qg3+ 34. Kd4 Qf2+ 35. Kd3 Rxa2 36. Qc3 Qf3+ 37. Re3 Qf1+ 38. Kd4
Qxb5 0-1

[Event "March TNT"]
[Site "Winnipeg CAN"]
[Date "2010.03.09"]
[Round "2"]
[White "Nikouline, Alexandre"]
[Black "Einarsson, Ken"]
[Result "0-1"]
[WhiteElo "2111"]
[BlackElo "1782"]
[PlyCount "110"]
[EventDate "2010.03.02"]
[EventType "swiss"]
[EventRounds "4"]
[EventCountry "CAN"]

1. e4 e5 2. Nf3 Nc6 3. Bb5 a6 4. Ba4 b5 5. Bb3 Bc5 6. c3 d6 7. Bd5 Nge7 8. d4
exd4 9. cxd4 Bb4+ 10. Nc3 Nxd5 11. exd5 Ne7 12. O-O O-O 13. Qb3 Bxc3 14. bxc3
Bb7 15. c4 Rb8 16. Bg5 f6 17. Bh4 bxc4 18. Qxc4 Nxd5 19. Rab1 Qc8 20. Rfe1 Kh8
21. Bg3 Nb6 22. Qd3 Bd5 23. Rbc1 Qb7 24. Re7 Bc4 25. Rxc4 Nxc4 26. Qxc4 Qb1+
27. Re1 Rfe8 28. Rf1 d5 29. Qxa6 Rb6 30. Rxb1 Rxa6 31. Bxc7 Rxa2 32. Kf1 h6 33.
g4 Rc2 34. Rb8 Rxb8 35. Bxb8 Rc8 36. Bd6 Re8 37. Nd2 Kg8 38. Bc5 Kf7 39. Kg2 f5
40. Nf3 fxg4 41. Ne5+ Ke6 42. Nxg4 h5 43. Ne3 g6 44. Kg3 Rd8 45. h3 Rd7 46. Ng2
Kf5 47. f3 Rf7 48. Nf4 h4+ 49. Kxh4 Kxf4 50. Bd6+ Kxf3 51. Kg5 Rh7 52. Kxg6
Rxh3 53. Be5 Ke4 54. Kg5 Rd3 55. Kg4 Rxd4 0-1

[Event "March TNT"]
[Site "Winnipeg CAN"]
[Date "2010.03.09"]
[Round "2"]
[White "Swift, Ryne"]
[Black "Evans, Brian"]
[Result "1-0"]
[WhiteElo "1796"]
[BlackElo "1588"]
[PlyCount "69"]
[EventDate "2010.03.02"]
[EventType "swiss"]
[EventRounds "4"]
[EventCountry "CAN"]

1. e4 c5 2. Nf3 d6 3. d4 cxd4 4. Nxd4 Nf6 5. Nc3 a6 6. f3 e6 7. Be3 Be7 8. Qd2
Qc7 9. O-O-O O-O 10. g4 Rd8 11. h4 Nc6 12. h5 Nxd4 13. Bxd4 e5 14. Be3 Be6 15.
g5 Ne8 16. g6 fxg6 17. hxg6 hxg6 18. Bd3 Nf6 19. Qg2 Bf7 20. Nd5 Nxd5 21. exd5
Bf6 22. Bxg6 Rac8 23. Bf5 Rb8 24. Bg5 Qe7 25. f4 Bxg5 26. fxg5 g6 27. Be4 Kg7
28. Rhf1 Rh8 29. Rf6 Rbf8 30. Qf2 Be8 31. Rf1 Rhg8 32. c4 Bf7 33. c5 Qd7 34.
Bxg6 Bxg6 35. Rxf8 1-0

[Event "March TNT"]
[Site "Winnipeg CAN"]
[Date "2010.03.09"]
[Round "2"]
[White "Trueman, Francis"]
[Black "Kernetsky, Myron"]
[Result "0-1"]
[WhiteElo "1508"]
[BlackElo "2079"]
[PlyCount "65"]
[EventDate "2010.03.02"]
[EventType "swiss"]
[EventRounds "4"]
[EventCountry "CAN"]

1. Nf3 Nf6 2. d3 d5 3. Nbd2 e6 4. g3 b6 5. Bg2 Bb7 6. O-O Be7 7. Re1 O-O 8. e4
dxe4 9. dxe4 Nxe4 10. Qe2 Nd6 11. b3 Bf6 12. Rb1 Nd7 13. Ba3 c5 14. Rbd1 Qc7
15. c4 Rfd8 16. Bc1 a5 17. Nf1 Ne4 18. Bf4 Qc8 19. Rd3 a4 20. Qc2 axb3 21. axb3
g5 22. Bc1 g4 23. Nh4 Ng5 24. Bxg5 Bxg5 25. Be4 Bxe4 26. Rxe4 Nf6 27. Re5 h6
28. Rxd8+ Qxd8 29. f4 gxf3 30. Nxf3 Ng4 31. h4 Bf6 32. Rh5 Be7 33. Qe4 0-1

[Event "March TNT"]
[Site "Winnipeg CAN"]
[Date "2010.03.16"]
[Round "3"]
[White "Czarny, Keith"]
[Black "Milord, Frank"]
[Result "0-1"]
[WhiteElo "1589"]
[BlackElo "1626"]
[PlyCount "104"]
[EventDate "2010.03.02"]
[EventType "swiss"]
[EventRounds "4"]
[EventCountry "CAN"]

1. Nf3 Nf6 2. g3 c6 3. Bg2 d5 4. d4 Bf5 5. Nh4 Bd7 6. c4 e6 7. O-O Be7 8. Nf3
O-O 9. Ne5 Be8 10. Nd2 Nbd7 11. Ndf3 Nxe5 12. Nxe5 Nd7 13. Qb3 Qb6 14. Be3 Qc7
15. f4 f6 16. Nd3 Bf7 17. cxd5 exd5 18. f5 Bd6 19. Nf4 Rfe8 20. Qd3 Re7 21.
Rac1 Qb6 22. Rc2 Rae8 23. Bc1 Ne5 24. Qd1 Nc4 25. Rf3 Ne3 26. Bxe3 Rxe3 27.
Rxe3 Rxe3 28. Nh3 Bh5 29. Nf4 Bxf4 30. gxf4 Qb5 31. Bf1 Qb6 32. Qd2 Re4 33. e3
Bg4 34. Bd3 Re7 35. Rc3 Qd8 36. Ra3 a6 37. Bf1 Bxf5 38. Rb3 Qe8 39. Qg2 g6 40.
Qg3 Rg7 41. h4 h6 42. Be2 Be4 43. Kf2 Qe7 44. Ke1 g5 45. fxg5 fxg5 46. hxg5 Kh7
47. Kd2 Rxg5 48. Qb8 b5 49. a4 Rg2 50. axb5 axb5 51. Ra3 Qb4+ 52. Kc1 Rg1+ 0-1

[Event "March TNT"]
[Site "Winnipeg CAN"]
[Date "2010.03.16"]
[Round "3"]
[White "Czypinski, Jaroslaw"]
[Black "Green, Aaron"]
[Result "1/2-1/2"]
[WhiteElo "1911"]
[BlackElo "1942"]
[PlyCount "61"]
[EventDate "2010.03.02"]
[EventType "swiss"]
[EventRounds "4"]
[EventCountry "CAN"]

1. e4 c5 2. b3 Nc6 3. Bb2 d6 4. Nf3 e6 5. d4 cxd4 6. Nxd4 Nf6 7. Bd3 e5 8. Nxc6
bxc6 9. O-O Be7 10. f4 Ng4 11. Qf3 exf4 12. Qxf4 O-O 13. Bd4 Bg5 14. Qg3 c5 15.
Bc3 c4 16. Bxc4 Bh4 17. Qf4 Qb6+ 18. Kh1 Nf2+ 19. Rxf2 Qxf2 20. Qxf2 Bxf2 21.
Nd2 Be6 22. Rd1 Bg4 23. Rf1 Be3 24. Nf3 Bxf3 25. gxf3 Bf4 26. Rg1 g6 27. h4 Be5
28. Bd2 Kg7 29. h5 h6 30. Bd5 Rac8 31. c4 1/2-1/2

[Event "March TNT"]
[Site "Winnipeg CAN"]
[Date "2010.03.17"]
[Round "3"]
[White "De Groot, Steven"]
[Black "Swift, Ryne"]
[Result "1-0"]
[WhiteElo "1801"]
[BlackElo "1796"]
[PlyCount "163"]
[EventDate "2010.03.02"]
[EventType "swiss"]
[EventRounds "4"]
[EventCountry "CAN"]

1. e4 e5 2. Nf3 Nc6 3. Bb5 a6 4. Ba4 Nf6 5. O-O b5 6. Bb3 Be7 7. Re1 d6 8. c3
O-O 9. h3 h6 10. d4 Re8 11. a4 Bb7 12. Qd3 exd4 13. axb5 axb5 14. Rxa8 Qxa8 15.
cxd4 Qa6 16. Nc3 b4 17. Bc4 Qa5 18. Nd5 Nxd5 19. Bxd5 Nd8 20. Bb3 Ba6 21. Qc2
Ne6 22. Qc6 Qb5 23. Ba4 Qxc6 24. Bxc6 Rb8 25. b3 Bb5 26. Bxb5 Rxb5 27. d5 Nc5
28. Nd4 Rb6 29. Nc6 Bf6 30. Be3 Rb5 31. Bxc5 Rxc5 32. f4 Bc3 33. Re2 Rb5 34.
Ra2 Rb7 35. Ra8+ Kh7 36. Nd8 Ra7 37. Rxa7 Bd4+ 38. Kf1 Bxa7 39. Nxf7 Kg6 40.
Nd8 Be3 41. g3 Kf6 42. Ke2 Bc5 43. Kd3 Bf2 44. g4 g6 45. Nc6 Be1 46. e5+ dxe5
47. fxe5+ Kf7 48. Kc4 Bc3 49. e6+ Ke8 50. Nxb4 Be1 51. Nc6 Bg3 52. Kd4 h5 53.
gxh5 gxh5 54. Ke4 h4 55. Kf5 Bf2 56. b4 Bg3 57. Kf6 Be1 58. e7 Bg3 59. Ke6 Bd6
60. b5 Bc5 61. Kf6 Be3 62. Ne5 Bc5 63. Ng6 Bd4+ 64. Kg5 Bf2 65. Kf6 Bd4+ 66.
Ke6 Bc5 67. Nxh4 Bxe7 68. Ng6 Bg5 69. h4 Bh6 70. h5 Kd8 71. Nh4 Ke8 72. Nf5 Bd2
73. d6 cxd6 74. Nxd6+ Kd8 75. b6 Bf4 76. Nf7+ Kc8 77. Kf5 Bc1 78. Ng5 Kb7 79.
h6 Kxb6 80. h7 Bb2 81. Kg6 Kc6 82. Ne6 1-0

[Event "March TNT"]
[Site "Winnipeg CAN"]
[Date "2010.03.16"]
[Round "3"]
[White "Einarsson, Ken"]
[Black "Lipic, Stephen"]
[Result "0-1"]
[WhiteElo "1782"]
[BlackElo "1816"]
[PlyCount "63"]
[EventDate "2010.03.02"]
[EventType "swiss"]
[EventRounds "4"]
[EventCountry "CAN"]

1. d4 g6 2. c4 Bg7 3. e4 c5 4. d5 e5 5. Nf3 d6 6. Nc3 Bg4 7. h3 Bxf3 8. Qxf3
Nd7 9. Nb5 Ndf6 10. Be2 a6 11. Nc3 h5 12. O-O h4 13. Bg5 Bh6 14. Bxh4 Bd2 15.
Bxf6 Nxf6 16. Nd1 Nh5 17. g3 Qg5 18. Qg2 O-O-O 19. Ne3 Bxe3 20. fxe3 Qxe3+ 21.
Kh2 Nxg3 22. Rf3 Qxe2 23. Rxg3 Qxc4 24. b3 Qd4 25. Rf1 Rh7 26. Rf6 Kc7 27. Qf3
Rd7 28. Qe2 Rh4 29. Re3 Rf4 30. Rxf4 exf4 31. Rd3 Qe5 32. Qf3 0-1

[Event "March TNT"]
[Site "Winnipeg CAN"]
[Date "2010.03.16"]
[Round "3"]
[White "Evans, Brian"]
[Black "Trueman, Francis"]
[Result "0-1"]
[WhiteElo "1588"]
[BlackElo "1508"]
[PlyCount "70"]
[EventDate "2010.03.02"]
[EventType "swiss"]
[EventRounds "4"]
[EventCountry "CAN"]

1. e4 d6 2. d4 Nf6 3. Nc3 g6 4. Be2 Bg7 5. Nf3 O-O 6. h3 Nbd7 7. e5 Ne8 8. Bf4
e6 9. Qd2 dxe5 10. dxe5 c6 11. O-O-O Nc7 12. Ne4 Nd5 13. Bh6 Nxe5 14. Bxg7 Nxf3
15. Bxf3 Kxg7 16. c4 Qc7 17. Kb1 Nb6 18. b3 a5 19. a4 e5 20. Nc5 Nxc4 21. bxc4
Qb6+ 22. Qb2 Qxc5 23. Be2 Qb4 24. Qxb4 axb4 25. Kb2 c5 26. Kb3 b6 27. Rd6 Ra6
28. Bf3 Re8 29. Re1 Re7 30. Bc6 Re6 31. Rxe6 Bxe6 32. Bb5 Ra7 33. Rxe5 Re7 34.
Re3 f5 35. f4 Bxc4+ 0-1

[Event "March TNT"]
[Site "Winnipeg CAN"]
[Date "2010.03.16"]
[Round "3"]
[White "Greenberg, Harley"]
[Black "Nikouline, Alexandre"]
[Result "0-1"]
[WhiteElo "1762"]
[BlackElo "2111"]
[PlyCount "72"]
[EventDate "2010.03.02"]
[EventType "swiss"]
[EventRounds "4"]
[EventCountry "CAN"]

1. e4 e5 2. Nf3 Nc6 3. Bb5 a6 4. Ba4 Nf6 5. O-O Be7 6. Re1 b5 7. Bb3 O-O 8. c3
d5 9. d4 dxe4 10. Nxe5 Nxe5 11. dxe5 Qxd1 12. Rxd1 Ng4 13. Bf4 Bc5 14. Bg3 e3
15. fxe3 Bxe3+ 16. Kh1 Be6 17. Nd2 Bf2 18. Nf3 Bxg3 19. hxg3 Nf2+ 20. Kg1 Nxd1
21. Bxd1 c5 22. Bc2 Rad8 23. a4 b4 24. Re1 b3 25. Bb1 h6 26. Kf2 Rd7 27. Be4
Rfd8 28. a5 g5 29. Re2 Bc4 30. Re1 g4 31. Bc6 gxf3 32. Bxd7 Rxd7 33. Kxf3 Rd2
34. Kf4 Rxb2 35. Rd1 Rf2+ 36. Kg4 Be2+ 0-1

[Event "March TNT"]
[Site "Winnipeg CAN"]
[Date "2010.03.16"]
[Round "3"]
[White "Kernetsky, Myron"]
[Black "Letain, Cory"]
[Result "0-1"]
[WhiteElo "2079"]
[BlackElo "1621"]
[PlyCount "46"]
[EventDate "2010.03.02"]
[EventType "swiss"]
[EventRounds "4"]
[EventCountry "CAN"]

1. d4 d5 2. Nf3 Nf6 3. c4 c6 4. Nc3 dxc4 5. a4 Bf5 6. e3 e6 7. Bxc4 Bb4 8. O-O
O-O 9. Nh4 Nbd7 10. f3 Qc7 11. Qb3 a5 12. Bd2 Nb6 13. Be2 Rfe8 14. Rac1 Nbd5
15. Rfd1 Bxc3 16. bxc3 Bg6 17. g3 e5 18. e4 exd4 19. cxd4 Nh5 20. Bf1 Ne7 21.
Be3 Nxg3 22. Nxg6 Nxg6 23. Bg2 Ne2+ 0-1

[Event "March TNT"]
[Site "Winnipeg CAN"]
[Date "2010.03.16"]
[Round "3"]
[White "Rutter, Blair"]
[Black "Ott, Richard"]
[Result "1-0"]
[WhiteElo "1875"]
[BlackElo "1606"]
[PlyCount "63"]
[EventDate "2010.03.02"]
[EventType "swiss"]
[EventRounds "4"]
[EventCountry "CAN"]

1. c4 c5 2. g3 g6 3. Bg2 Bg7 4. Nc3 Nc6 5. e4 d6 6. Nge2 Bg4 7. f3 Be6 8. d3
Qc8 9. Nf4 Bd7 10. O-O Bd4+ 11. Kh1 Bxc3 12. bxc3 e5 13. Nd5 Nce7 14. f4 Nxd5
15. exd5 Ne7 16. fxe5 O-O 17. Bh6 Nf5 18. Bxf8 Qxf8 19. Qf3 dxe5 20. Rae1 Qg7
21. Qf2 Re8 22. Qxc5 b6 23. Qf2 Nd6 24. c5 Nf5 25. cxb6 axb6 26. Qxb6 Ra8 27.
Qb7 Nxg3+ 28. hxg3 Qh6+ 29. Kg1 Rxa2 30. Qxd7 Rxg2+ 31. Kxg2 Qd2+ 32. Kg1 1-0

[Event "March TNT"]
[Site "Winnipeg CAN"]
[Date "2010.03.23"]
[Round "4"]
[White "Czarny, Keith"]
[Black "Campbell, Gary"]
[Result "0-1"]
[WhiteElo "1589"]
[BlackElo "1628"]
[PlyCount "48"]
[EventDate "2010.03.02"]
[EventType "swiss"]
[EventRounds "4"]
[EventCountry "CAN"]

1. Nf3 Nf6 2. g3 d5 3. Bg2 c5 4. O-O Nc6 5. c4 d4 6. d3 e5 7. Nbd2 Bd6 8. Ne1
O-O 9. Ne4 Nxe4 10. Bxe4 f5 11. Bg2 Qe8 12. Nf3 e4 13. dxe4 fxe4 14. Nd2 Bf5
15. f3 e3 16. Ne4 Bxe4 17. fxe4 Ne5 18. b3 Ng4 19. Rf5 Rxf5 20. exf5 Qh5 21. h3
Nf2 22. g4 Qh4 23. Bd5+ Kh8 24. Qf1 Nxh3+ 0-1

[Event "March TNT"]
[Site "Winnipeg CAN"]
[Date "2010.03.23"]
[Round "4"]
[White "Green, Aaron"]
[Black "De Groot, Steven"]
[Result "1-0"]
[WhiteElo "1942"]
[BlackElo "1801"]
[PlyCount "104"]
[EventDate "2010.03.02"]
[EventType "swiss"]
[EventRounds "4"]
[EventCountry "CAN"]

1. e4 c5 2. Nf3 d6 3. d3 Nc6 4. g3 g6 5. c3 Bg7 6. Bg2 e6 7. O-O Nge7 8. Ne1
O-O 9. f4 f5 10. Nf3 e5 11. Na3 h6 12. fxe5 dxe5 13. Be3 b6 14. Qc2 Ba6 15.
Rfd1 Rc8 16. Rd2 Qc7 17. Qa4 Bb7 18. b4 cxb4 19. cxb4 Nd4 20. Nxd4 exd4 21. Rc2
Qd8 22. Rxc8 Nxc8 23. Bf2 Kh7 24. exf5 Bxg2 25. fxg6+ Kxg6 26. Kxg2 Qd5+ 27.
Kg1 Qf3 28. Qc2 Ne7 29. Re1 Nd5 30. Qe2 Ne3 31. Bxe3 dxe3 32. Qxf3 Rxf3 33. Re2
Rf7 34. Kg2 a6 35. Rxe3 Bf8 36. Re6+ Rf6 37. Rxf6+ Kxf6 38. b5 axb5 39. Nxb5
Ke5 40. Kf3 Bc5 41. h4 Be7 42. Kg4 Bc5 43. d4+ Bxd4 44. Nxd4 Kxd4 45. Kh5 Kc3
46. Kxh6 b5 47. g4 b4 48. g5 Kb2 49. g6 Kxa2 50. g7 b3 51. g8=Q Ka1 52. Qa8+
Kb1 1-0

[Event "March TNT"]
[Site "Winnipeg CAN"]
[Date "2010.03.23"]
[Round "4"]
[White "Letain, Cory"]
[Black "Greenberg, Harley"]
[Result "0-1"]
[WhiteElo "1621"]
[BlackElo "1762"]
[PlyCount "42"]
[EventDate "2010.03.02"]
[EventType "swiss"]
[EventRounds "4"]
[EventCountry "CAN"]

1. d4 Nf6 2. c4 e6 3. Nf3 c5 4. d5 exd5 5. cxd5 d6 6. e4 g6 7. Qa4+ Bd7 8. Bb5
Bg7 9. O-O O-O 10. Nc3 Qb6 11. Re1 a6 12. Bxd7 Nbxd7 13. Bf4 Rfe8 14. Rab1 Qc7
15. Qc2 b5 16. b4 cxb4 17. Rxb4 Rac8 18. Bd2 Ng4 19. Rc1 Qc5 20. Rb3 Nxf2 21.
Be3 Qxe3 0-1

[Event "March TNT"]
[Site "Winnipeg CAN"]
[Date "2010.03.23"]
[Round "4"]
[White "Lipic, Stephen"]
[Black "Czypinski, Jaroslaw"]
[Result "1/2-1/2"]
[WhiteElo "1816"]
[BlackElo "1911"]
[PlyCount "120"]
[EventDate "2010.03.02"]
[EventType "swiss"]
[EventRounds "4"]
[EventCountry "CAN"]

1. Nf3 Nf6 2. g3 Nc6 3. Bg2 e5 4. d3 d5 5. Nbd2 Be6 6. O-O h6 7. e4 dxe4 8.
dxe4 Qd7 9. c3 Bc5 10. Qc2 Rd8 11. b4 Bd6 12. Nh4 Bh3 13. Nc4 Bxg2 14. Kxg2 Ne7
15. Be3 g5 16. Nf3 Ng6 17. Rad1 Qc6 18. Na5 Qxe4 19. Qxe4 Nxe4 20. Nxb7 Ra8 21.
Nxd6+ cxd6 22. c4 Ke7 23. Rd5 Rhc8 24. c5 Ke6 25. Rfd1 dxc5 26. Bxc5 Nxc5 27.
bxc5 Rc6 28. Rd6+ Rxd6 29. Rxd6+ Ke7 30. Ra6 Kd7 31. Nd2 Kc7 32. Nb3 Kb7 33.
Rf6 Rf8 34. Na5+ Kc7 35. Nc4 Kd7 36. Ra6 Rc8 37. Rxa7+ Ke6 38. Ra6+ Ke7 39. c6
Rc7 40. a4 f6 41. Kf3 Ke6 42. Ke3 Ne7 43. Na5 Nd5+ 44. Kf3 f5 45. Ra8 e4+ 46.
Kg2 h5 47. Re8+ Ne7 48. Rh8 h4 49. gxh4 gxh4 50. Rxh4 Ra7 51. Rh6+ Kd5 52. Rh7
Rxa5 53. Rxe7 Kxc6 54. Kg3 Rxa4 55. Kf4 Ra2 56. Kg3 f4+ 57. Kxf4 Rxf2+ 58. Kg3
Re2 59. h4 Kd6 60. Re8 Kd7 1/2-1/2

[Event "March TNT"]
[Site "Winnipeg CAN"]
[Date "2010.03.23"]
[Round "4"]
[White "Nikouline, Alexandre"]
[Black "Milord, Frank"]
[Result "1-0"]
[WhiteElo "2111"]
[BlackElo "1626"]
[PlyCount "55"]
[EventDate "2010.03.02"]
[EventType "swiss"]
[EventRounds "4"]
[EventCountry "CAN"]

1. e4 d6 2. d4 Nf6 3. Nc3 g6 4. Be2 Bg7 5. g4 h6 6. g5 hxg5 7. Bxg5 c6 8. Qd3
Qa5 9. Bd2 Qc7 10. O-O-O b5 11. e5 Bf5 12. exf6 Bxd3 13. fxg7 Rg8 14. Bxd3 Rxg7
15. Nf3 Rh7 16. h4 Nd7 17. Ng5 Rh8 18. f4 Nf6 19. f5 gxf5 20. Bxf5 a5 21. Nce4
Nxe4 22. Bxe4 e6 23. Rdf1 Rf8 24. Nxf7 Rxf7 25. Bg6 O-O-O 26. Rxf7 Qb6 27. c3
b4 28. h5 1-0

[Event "March TNT"]
[Site "Winnipeg CAN"]
[Date "2010.03.23"]
[Round "4"]
[White "Ott, Richard"]
[Black "Kumaragamage, Shashika"]
[Result "1-0"]
[WhiteElo "1606"]
[BlackElo "1356"]
[PlyCount "93"]
[EventDate "2010.03.02"]
[EventType "swiss"]
[EventRounds "4"]
[EventCountry "CAN"]

1. d4 d5 2. c4 c6 3. Nf3 Nf6 4. Qc2 Bg4 5. cxd5 cxd5 6. e3 Nc6 7. Bb5 Bxf3 8.
Bxc6+ bxc6 9. Qxc6+ Nd7 10. gxf3 e6 11. Bd2 Be7 12. Ke2 O-O 13. Nc3 Nb6 14. b3
Rc8 15. Qb7 Qd7 16. Qxd7 Nxd7 17. Rac1 a6 18. Na4 Ba3 19. Rxc8 Rxc8 20. Kd3 f6
21. e4 Kf7 22. exd5 exd5 23. Re1 g6 24. Ba5 Rb8 25. Nc3 Nb6 26. Bxb6 Rxb6 27.
Nxd5 Rd6 28. Re7+ Kf8 29. Ra7 Bc5 30. dxc5 Rxd5+ 31. Kc4 Rh5 32. Rxa6 Ke7 33.
Rd6 Rxh2 34. b4 Rxf2 35. a4 h5 36. a5 h4 37. a6 h3 38. Rd1 h2 39. Kb5 Re2 40.
Ra1 Ra2 41. Rh1 Kd7 42. Kb6 Kc8 43. a7 g5 44. Rxh2 Ra4 45. Rh8+ Kd7 46. c6+ Kd6
47. b5 1-0